Weiter zum Inhalt

Технические средства автоматизации и управления: в 3-х ч. Ч. 1 Ч. 1 Технические средства автоматизации и управления: в 3-х ч. Ч. 1

Рассмотрены современные тенденции развития технических средств автоматизации и управления. Приводится подробное описание методов и промышленных приборов для контроля температуры, давления, уровня и расхода технологических средств. Излагаются физические основы, принципы действия и некоторые конструкц...

Ausführliche Beschreibung

Gespeichert in:
Bibliographische Detailangaben
1. Verfasser: Елизаров И. А.
Weitere Verfasser: Назаров В. Н., Третьяков А. А.
Format: Книга
Sprache:Russian
Veröffentlicht: Тамбов ТГТУ 2020
Online Zugang:https://e.lanbook.com/book/320240
https://e.lanbook.com/img/cover/book/320240.jpg
Tags: Tag hinzufügen
Keine Tags, Fügen Sie den ersten Tag hinzu!
LEADER 02430nam0a2200313 i 4500
001 320240
003 RuSpLAN
005 20240216150941.0
008 240216s2020 ru gs 000 0 rus
020 |a 978-5-8265-2254-7 
040 |a RuSpLAN 
041 0 |a rus 
044 |a ru 
080 |a 681.5 (075.8) 
084 |a 965-04я73  |2 rubbk 
245 1 |a Технические средства автоматизации и управления: в 3-х ч. Ч. 1  |c Елизаров И. А.,Назаров В. Н.,Третьяков А. А.   |n Ч. 1  |p Технические средства автоматизации и управления: в 3-х ч. Ч. 1 
260 |a Тамбов  |b ТГТУ  |c 2020 
300 |a 113 с. 
500 |a Утверждено Учёным советом университета в качестве учебного пособия для студентов 3 курса, обучающихся по направлению подготовки 27.03.04 «Управление в технических системах» 
504 |a Библиогр.: доступна в карточке книги, на сайте ЭБС Лань 
520 8 |a Рассмотрены современные тенденции развития технических средств автоматизации и управления. Приводится подробное описание методов и промышленных приборов для контроля температуры, давления, уровня и расхода технологических средств. Излагаются физические основы, принципы действия и некоторые конструкции приборов, а также основные справочные материалы. Предназначено для студентов 3 курса, обучающихся по направлению подготовки 27.03.04 «Управление в технических системах». 
521 8 |a Книга из коллекции ТГТУ - Химия 
521 8 |a СЭБ 
100 1 |a Елизаров И. А. 
700 1 |a Назаров В. Н. 
700 1 |a Третьяков А. А. 
856 4 |u https://e.lanbook.com/book/320240 
856 4 8 |u https://e.lanbook.com/img/cover/book/320240.jpg 
953 |a https://e.lanbook.com/img/cover/book/320240.jpg 
Cannot write session to /tmp/vufind_sessions/sess_p866jrbsnhenj8m2r3s489rv0j